Datum a čas kvízu
25
Celkem bodů
Celkový počet nahraných bodů na tomto kvízu bez doplňovacích otázek.
8.
Pořadí na kvízu
Konečné umístění týmu na tomto kvízu.
Zaznamenané odpovědi
| # | Otázka | Odpověď | Body | Výsledky |
|---|---|---|---|---|
| 1. | Minulé úterý jsme si mohli pov... | autismus, modrá barva | 1 | |
| 2. | Aprílové žerty jsou populární... | Volkswagen | 0 | |
| 3. | V pátek se v plzeňském DEPO20... | (Hudební cena) Žebřík | 0 | |
| 4. | Minulý týden jsme se dozvěděli... | Portál občana | 0 | |
| 5. | Německý fotbalový svaz bude mu... | čísla 44 | 1 | |
| 6. | Zobrazený anglický lékař roku... | William Harvey | 0 | |
| 7. | Ve kterém orgánu lidského těla... | ve slezině | 0 | |
| 8. | Vyberte pravdivé tvrzení: | D | 1 | |
| 9. | Za půl bodu napište, jak se na... | Alexej; hemofilie | 1 | |
| 10. | Někteří bezobratlí živočichové... | hemolymfa; krvomíza | 0 |